| 000 | 01404nam0a22002771 4500 | ||
|---|---|---|---|
| 001 | rc\4422388 | ||
| 005 | 20130416154315.0 | ||
| 021 |
_aRU _b[60-3255] |
||
| 035 | _a(NLR Aleph) 008571016 | ||
| 090 |
_a8525498 _c8525498 |
||
| 100 | _a20130416d1959 |||y0rusy50 ca | ||
| 101 | 0 | _arus | |
| 102 | _aRU | ||
| 105 | _aa z ||||| | ||
| 200 | 1 |
_aПроизводство керамзита в малогабаритных вращающихся печах _eИз опыта работы Охин. завода железобетонных изделий и стеновых материалов _eСахалинский совнархоз _fАкад. строительства и архитектуры СССР. Науч.-исслед. ин-т организации, механизации и техн. помощи строительству. БТИ |
|
| 210 |
_aМосква _cБ. и. _d1959 |
||
| 215 |
_a15 с. _cил. _d22 |
||
| 300 | _aАвт. указан на обороте тит. л.: инж. С.И. Зеликин | ||
| 606 |
_aКерамзит _xПроизводство _2psbo |
||
| 606 |
_aОбжигательные печи для керамических изделий, вращающиеся _2psbo |
||
| 700 | 1 |
_aЗеликин _bС. И. _gСамуил Исаакович |
|
| 801 | 0 |
_aRU _bNLR _gpsbo |
|
| 801 | 1 |
_aRU _bELAR _2rusmarc |
|
| 852 |
_aNLR _j60-6/141 |
||
| 942 | _cBOOK | ||
| 980 | _aNB | ||